La palta Hass
Guardat en:
| Format: | Llibre |
|---|---|
| Idioma: | espanyol |
| Publicat: |
Santiago
Comite de Paltas
1990
|
| Matèries: | |
| Etiquetes: |
Afegir etiqueta
Sense etiquetes, Sigues el primer a etiquetar aquest registre!
|
MARC
| LEADER | 00000nam a2200000 a 4500 | ||
|---|---|---|---|
| 001 | UCR3977 | ||
| 003 | CL-VaPUC | ||
| 008 | 980307e19900000CL |||||||||||||||||spa|d | ||
| 082 | 0 | 4 | |a 634.653 |b PAL |2 21 |
| 245 | 1 | 3 | |a La palta Hass |
| 300 | |a Pag. irreg | ||
| 942 | |c BK | ||
| 945 | |d 19980307 00:00:00 |a jquezada | ||
| 260 | |a Santiago |b Comite de Paltas |c 1990 | ||
| 650 | 0 | |a Paltas (Aguacates) |9 264279 | |
| 650 | 0 | |a Producción |9 263680 | |
| 650 | 0 | |a Riego |9 259685 | |
| 650 | 7 | |a HUMEDAD |2 CL-VaPUC |9 259412 | |
| 650 | 0 | |a Cosecha |9 259688 | |
| 650 | 0 | |a Control de plagas |9 327373 | |
| 650 | 0 | |a Fertilización |9 259681 | |
| 583 | |a last modification |c 20121227 01:34:50 |k Rodrigo Vera | ||
| 999 | |c 266989 |d 266987 | ||
| 952 | |0 0 |1 1 |2 ddc |4 0 |6 634_653000000000000_PAL_1990 |7 0 |8 A |9 299068 |a BIBAGR |b BIBAGR |d 2019-11-20 |i 3394492 |o 634.653 PAL 1990 |p 3394492 |r 2019-11-20 |w 2019-11-20 |y BK |k AGR | ||